| 000 | 01023nam a2200229Ia 4500 | ||
|---|---|---|---|
| 001 | 17367 | ||
| 005 | 20260330154211.0 | ||
| 008 | 260306s9999||||xx |||||||||||||| ||und|| | ||
| 041 | _aESP | ||
| 082 |
_a657.8 _bG63 |
||
| 100 |
_aGómez Aguirre, Antonio _eAUT |
||
| 245 | 0 | _aContabilidad sectorial | |
| 260 | _c2007 | ||
| 300 |
_a358 páginas : _c23 cm. |
||
| 650 | _aGEN | ||
| 654 | _aCCO | ||
| 856 |
_uhttps://itmsp.museknowledge.com/UCSP?url=https://www.ebooks7-24.com:443/?il=5050&pg=1 _zVéase además: Contabilidad del sector solidario: bajo normas de información financiera Dto. 2420/15 y Dto. 2496/15, por Hernán Cardozo Cuenca. Versión digital |
||
| 856 |
_uhttps://0u213uci5-y-https-ebooks7--24-com.itmsp.museknowledge.com/biblioteca.aspx _zVéase además: Base de datos Ebook7-24 |
||
| 856 |
_uhttps://www.legismovil.pe/LNP.asp _zVéase además: Base de datos Legis Móvil |
||
| 856 |
_uhttps://legal.legis.com.pe/home/Corporativo _zVéase además: Base de datos Multilegis |
||
| 942 |
_cLIB _dJUS _fJUS _2ddc |
||
| 999 |
_c17367 _d17367 |
||